Managerial Perspective of Knowledge Management in a Company Monograph

Na minha lista:
Detalhes bibliográficos
Autor principal: Antošová, Mária, 1965-
Outros Autores: Štangová, Nora, Mihalčová, Bohuslava, 1963-
Formato: Livro
Idioma:inglês
Publicado em: Ostrava Vysoká škola báňská - Technická univerzita Ostrava 2012
Edição:1st Edition
Assuntos:
Tags: Adicionar Tag
Sem tags, seja o primeiro a adicionar uma tag!

MARC

LEADER 00000nam a2200000 4500
001 0296641
005 20240502083956.1
020 |a 978-80-248-3212-8 
041 0 |a eng 
044 |a CZ 
245 1 0 |a Managerial Perspective of Knowledge Management in a Company  |b Monograph  |c Antošová Mária ; The Monography Was Reviewed by: Nora Štangová, Bohuslava Mihalčová 
250 |a 1st Edition 
264 1 |a Ostrava  |b Vysoká škola báňská - Technická univerzita Ostrava  |c 2012 
300 |a 89 s. [6,48 AH] 
610 2 0 |a manažment 
610 2 0 |a manažment znalostný 
610 2 0 |a vedomosti 
610 2 0 |a podnik 
100 1 |a Antošová, Mária, 1965- 
700 1 |a Štangová, Nora 
700 1 |a Mihalčová, Bohuslava, 1963-